[Event "Legnica"]
[Site "Legnica"]
[Date "1996.??.??"]
[Round "1"]
[White "Bojczuk, Zygmunt"]
[Black "Cyborowski, Lukasz"]
[Result "1/2-1/2"]
[WhiteElo "2315"]
[BlackElo "2240"]
[PlyCount "97"]
[EventDate "1996.??.??"]
[EventType "tourn"]
[EventRounds "9"]
[EventCountry "POL"]
[EventCategory "4"]
[SourceTitle "EXT 1999"]
[Source "ChessBase"]
[SourceDate "1998.11.16"]
[SourceVersion "1"]
[SourceVersionDate "1998.11.16"]
[SourceQuality "1"]

1. Nf3 g6 2. g3 Bg7 3. Bg2 c5 4. 0-0 Nc6 5. d3 d6 6. e4 e5 7. c3 Nge7 8. a3 a5 9. a4 0-0 10. Na3 h6 11. Be3 f5 12. Qd2 Kh7 13. Nb5 Be6 14. Ne1 Qd7 15. f4 exf4 16. gxf4 Rad8 17. Nf3 b6 18. Qf2 Na7 19. Nxa7 Qxa7 20. Qh4 Kg8 21. Rae1 Qd7 22. Bc1 Rfe8 23. Qg3 Kh7 24. Nh4 Qxa4 25. Bh3 Qd7 26. Rf2 fxe4 27. Bxe6 Qxe6 28. dxe4 Nf5 29. Nxf5 gxf5 30. Rg2 Qf6 31. exf5 Rxe1+ 32. Qxe1 Rf8 33. Qe6 Qxf5 34. Qxd6 Re8 35. Bd2 Qb1+ 36. Kf2 Qe4 37. h4 Rg8 38. Qd7 Kh8 39. Be3 Qc2+ 40. Kf3 Qb1 41. f5 Qf1+ 42. Bf2 Qh1 43. Qd5 Rf8 44. Kg4 Qb1 45. Bg3 Bf6 46. Kh3 Qh1+ 47. Bh2 Qf1 48. Bd6 Qh1+ 49. Bh2 1/2-1/2

[Event "Legnica"]
[Site "Legnica"]
[Date "1996.??.??"]
[Round "6"]
[White "Bojczuk, Zygmunt"]
[Black "Fiodorov, Mikhail"]
[Result "1/2-1/2"]
[WhiteElo "2315"]
[BlackElo "2280"]
[PlyCount "124"]
[EventDate "1996.??.??"]
[EventType "tourn"]
[EventRounds "9"]
[EventCountry "POL"]
[EventCategory "4"]
[SourceTitle "EXT 1999"]
[Source "ChessBase"]
[SourceDate "1998.11.16"]
[SourceVersion "1"]
[SourceVersionDate "1998.11.16"]
[SourceQuality "1"]

1. Nf3 Nf6 2. g3 b6 3. Bg2 Bb7 4. 0-0 g6 5. d3 d5 6. Nbd2 Bg7 7. e4 dxe4 8. Ng5 Qd7 9. Ndxe4 Nxe4 10. Nxe4 c5 11. Re1 0-0 12. Bd2 Nc6 13. Qc1 f5 14. Ng5 e5 15. Bc3 Rae8 16. Qd2 b5 17. a3 Bh6 18. b4 cxb4 19. axb4 Qd8 20. h4 Qd7 21. Qe3 Bxg5 22. Qxg5 f4 23. h5 f3 24. Bf1 Rf5 25. Qg4 Qf7 26. d4 Rxh5 27. dxe5 Nxe5 28. Bxe5 Rhxe5 29. Rxe5 Rxe5 30. Rxa7 Re1 31. Qd4 Qd5 32. Qc3 Qd1 33. Qxe1 Qxe1 34. Rxb7 Qxb4 35. Rxb5 Qe1 36. Rb3 Qe4 37. c4 g5 38. Re3 Qc6 39. Re5 h6 40. Rd5 Kg7 41. Rd3 g4 42. Rd4 h5 43. Rd5 Kh6 44. Rd4 Qf6 45. Re4 Qc3 46. Re3 Qc1 47. Re6+ Kg5 48. Re5+ Kg6 49. Rd5 Kh6 50. Rd6+ Kg7 51. Rd5 Qh6 52. c5 h4 53. gxh4 Qxh4 54. Rd4 Qh5 55. Rc4 Qd5 56. c6 g3 57. fxg3 Qd2 58. c7 Qe3+ 59. Kh1 Qe1 60. Rg4+ Kh6 61. Kg1 Qe3+ 62. Kh1 Qf2 1/2-1/2

[Event "Legnica"]
[Site "Legnica"]
[Date "1996.??.??"]
[Round "2"]
[White "Czerwonski, Aleksander"]
[Black "Bojczuk, Zygmunt"]
[Result "1/2-1/2"]
[WhiteElo "2400"]
[BlackElo "2315"]
[PlyCount "27"]
[EventDate "1996.??.??"]
[EventType "tourn"]
[EventRounds "9"]
[EventCountry "POL"]
[EventCategory "4"]
[SourceTitle "EXT 1999"]
[Source "ChessBase"]
[SourceDate "1998.11.16"]
[SourceVersion "1"]
[SourceVersionDate "1998.11.16"]
[SourceQuality "1"]

1. d4 g6 2. c4 Bg7 3. Nc3 d6 4. e4 Nd7 5. Nf3 e5 6. Be2 Nh6 7. dxe5 dxe5 8. h3 0-0 9. Be3 f6 10. c5 c6 11. 0-0 Nf7 12. Qc2 Qe7 13. b4 Re8 14. Rfd1 1/2-1/2

[Event "Legnica"]
[Site "Legnica"]
[Date "1996.??.??"]
[Round "7"]
[White "Umansky, Vladimir"]
[Black "Bojczuk, Zygmunt"]
[Result "1-0"]
[WhiteElo "2320"]
[BlackElo "2315"]
[PlyCount "82"]
[EventDate "1996.??.??"]
[EventType "tourn"]
[EventRounds "9"]
[EventCountry "POL"]
[EventCategory "4"]
[SourceTitle "EXT 1999"]
[Source "ChessBase"]
[SourceDate "1998.11.16"]
[SourceVersion "1"]
[SourceVersionDate "1998.11.16"]
[SourceQuality "1"]

1. d4 Nf6 2. c4 d6 3. Nc3 Nbd7 4. Nf3 c6 5. e4 e5 6. Be2 Be7 7. 0-0 0-0 8. Be3 a6 9. d5 cxd5 10. cxd5 Ng4 11. Bd2 b5 12. Ne1 Ngf6 13. Nc2 Bb7 14. b4 Nb6 15. Ne3 g6 16. Qb1 Qd7 17. a4 bxa4 18. b5 Rfb8 19. Nxa4 Nxa4 20. Rxa4 Bd8 21. Ra3 axb5 22. Bxb5 Qe7 23. Rb3 Ba6 24. Bxa6 Rxb3 25. Qxb3 Rxa6 26. Qd3 Qa7 27. Nc4 Be7 28. Be3 Qa8 29. h3 h5 30. Kh2 Ra1 31. Rxa1 Qxa1 32. Bg5 Kg7 33. f4 exf4 34. Bxf4 Qe1 35. Bxd6 Nxe4 36. Bxe7 h4 37. Qe3 Qg3+ 38. Kg1 f5 39. Qxg3 hxg3 40. d6 Kf7 41. Ne5+ Ke6 1-0

[Event "POL-chT 2nd League"]
[Site "Lubniewice"]
[Date "1993.??.??"]
[Round "?"]
[White "Panczyk, Krzysztof"]
[Black "Bojczuk, Zygmunt"]
[Result "0-1"]
[WhiteElo "2410"]
[BlackElo "2320"]
[PlyCount "163"]
[EventDate "1993.09.17"]
[EventType "team-swiss"]
[EventRounds "11"]
[EventCountry "POL"]
[SourceTitle "TD"]
[Source "ChessBase"]
[SourceDate "1994.03.01"]
[SourceVersion "1"]
[SourceVersionDate "1994.03.01"]
[SourceQuality "1"]

1. d4 Nf6 2. c4 d6 3. Nc3 Nbd7 4. e4 e5 5. d5 Be7 6. Bd3 0-0 7. h3 Nc5 8. Bc2 a5 9. Nf3 c6 10. Be3 Qc7 11. 0-0 Bd7 12. a3 Rfc8 13. Rc1 cxd5 14. cxd5 a4 15. Nxa4 Rxa4 16. Bxa4 Bxa4 17. Rxc5 Bxd1 18. Rxc7 Rxc7 19. Rxd1 Nxe4 20. a4 Kf8 21. a5 Ke8 22. Kf1 Rc2 23. Rb1 f5 24. Ne1 Rd2 25. Rc1 Rxd5 26. Bb6 Nd2+ 27. Ke2 Nb3 28. Rc8+ Kf7 29. Ra8 Rd2+ 30. Kf1 Rxb2 31. Nd3 Rd2 32. Nb4 d5 33. Rb8 Bxb4 34. Rxb7+ Ke6 35. a6 Nc5 36. a7 e4 37. g3 Ra2 38. Rb8 Nd7 39. Bd4 Bc3 40. Bxc3 Rxa7 41. Bxg7 Ra4 42. Rh8 d4 43. Rxh7 Ra1+ 44. Kg2 d3 45. Bc3 Rc1 46. Rh6+ Kd5 47. Bb4 Ne5 48. Rf6 Rb1 49. Bd2 Nc4 50. Bc3 Rc1 51. Bb4 Ke5 52. Rf8 d2 53. Bxd2 Nxd2 54. Re8+ Kf6 55. Rf8+ Kg6 56. g4 fxg4 57. hxg4 Kg5 58. Rd8 Rc2 59. Kg3 Rc3+ 60. Kg2 Nf3 61. Re8 Kf4 62. Rf8+ Kxg4 63. Re8 Nh4+ 64. Kf1 Kf4 65. Rf8+ Nf5 66. Ke2 Rc2+ 67. Ke1 Ra2 68. Kf1 Kg4 69. Ke1 Nh4 70. Rg8+ Kf5 71. Rf8+ Kg5 72. Re8 Nf3+ 73. Kf1 Kf4 74. Kg2 Ne1+ 75. Kf1 Nd3 76. Rf8+ Kg4 77. Rg8+ Kf3 78. Rg3+ Kf4 79. Rg2 Kf5 80. Kg1 Ra1+ 81. Kh2 Ne1 82. Rg8 0-1

[Event "POL-chT 47th"]
[Site "Mikolajki"]
[Date "1991.09.??"]
[Round "9"]
[White "Klimaszewski, Dariusz1111"]
[Black "Bojczuk, Zygmunt"]
[Result "0-1"]
[WhiteElo "2275"]
[BlackElo "2265"]
[PlyCount "46"]
[EventDate "1991.09.20"]
[EventType "team-swiss"]
[EventRounds "9"]
[EventCountry "POL"]
[SourceTitle "EXT 2019"]
[Source "ChessBase"]
[SourceDate "2018.10.10"]
[SourceVersion "1"]
[SourceVersionDate "2018.10.10"]
[SourceQuality "1"]
[WhiteTeam "Suwalki Hancza"]
[BlackTeam "Legnica Miedz"]
[WhiteTeamCountry "POL"]
[BlackTeamCountry "POL"]

1. e4 c5 2. c3 g6 3. Nf3 Bg7 4. d4 Qc7 5. Be2 d6 6. 0-0 Nf6 7. Bb5+ Bd7 8. Bxd7+ Nbxd7 9. Re1 e5 10. dxe5 dxe5 11. c4 0-0 12. Nc3 h6 13. b3 Rad8 14. Qc2 Nb8 15. Nd5 Qd6 16. Be3 Rfe8 17. Rad1 Rc8 18. Rd2 Qa6 19. Qc1 b6 20. Nxf6+ Bxf6 21. Rd6 Bg7 22. Red1 Nc6 23. Bxc5 bxc5 0-1

[Event "POL-chT 47th"]
[Site "Mikolajki"]
[Date "1991.09.??"]
[Round "6"]
[White "Swic, Waldemar"]
[Black "Bojczuk, Zygmunt"]
[Result "1/2-1/2"]
[WhiteElo "2345"]
[BlackElo "2265"]
[PlyCount "59"]
[EventDate "1991.09.20"]
[EventType "team-swiss"]
[EventRounds "9"]
[EventCountry "POL"]
[SourceTitle "EXT 2019"]
[Source "ChessBase"]
[SourceDate "2018.10.10"]
[SourceVersion "1"]
[SourceVersionDate "2018.10.10"]
[SourceQuality "1"]
[WhiteTeam "Gryfow Slaski Hetman"]
[BlackTeam "Legnica Miedz"]
[WhiteTeamCountry "POL"]
[BlackTeamCountry "POL"]

1. e4 c5 2. Nf3 g6 3. c4 Bg7 4. d4 cxd4 5. Nxd4 Nc6 6. Be3 Nf6 7. Nc3 0-0 8. Be2 d6 9. 0-0 Bd7 10. Nb3 a5 11. Nd2 Ne5 12. h3 Bc6 13. Rc1 Ned7 14. Qe1 a4 15. f3 Qa5 16. Ndb1 Rfc8 17. Na3 Nc5 18. Qf2 Nfd7 19. Rfd1 Rf8 20. Rc2 f5 21. exf5 gxf5 22. Qe1 f4 23. Bf2 Rf7 24. Nd5 Qxe1+ 25. Bxe1 Bf8 26. Nb1 e6 27. Ndc3 Ne5 28. Na3 Rg7 29. Kf1 Be7 30. Nab5 1/2-1/2

[Event "Moscow5-B"]
[Site "Moscow"]
[Date "1991.??.??"]
[Round "?"]
[White "Maljutin, Evgeni"]
[Black "Bojczuk, Zygmunt"]
[Result "0-1"]
[WhiteElo "2385"]
[BlackElo "2295"]
[PlyCount "86"]
[EventDate "1991.05.??"]
[EventType "tourn"]
[EventRounds "13"]
[EventCountry "URS"]
[EventCategory "5"]
[SourceTitle "CBM 024 Extra"]
[Source "ChessBase"]
[SourceDate "1991.11.01"]
[SourceVersion "1"]
[SourceVersionDate "1991.11.01"]
[SourceQuality "1"]

1. e4 c5 2. Nf3 Nc6 3. Bb5 g6 4. Bxc6 dxc6 5. h3 Bg7 6. d3 Nf6 7. Nc3 0-0 8. Be3 b6 9. Qd2 Re8 10. Bh6 Bh8 11. h4 e5 12. Nh2 Be6 13. Qe3 c4 14. 0-0-0 cxd3 15. Rxd3 Qc7 16. Qg5 b5 17. h5 b4 18. hxg6 fxg6 19. Na4 Qa5 20. b3 Nxe4 21. Qh4 Nc3 22. Ng4 Bxg4 23. Qxg4 e4 24. Rxc3 bxc3 25. Bf4 Qf5 26. Qh4 h5 27. Rd1 c5 28. Be3 Bf6 29. Qh2 Rad8 30. Rg1 Be5 31. Qh4 Bd4 32. g4 hxg4 33. Qxg4 Kf7 34. Qg3 Rh8 35. Qc7+ Rd7 36. Qc6 Rhd8 37. Qa6 Kg7 38. a3 Bxe3+ 39. fxe3 Qg5 40. Rf1 Qxe3+ 41. Kb1 Rd1+ 42. Rxd1 Rxd1+ 43. Ka2 Qc1 0-1

[Event "Moscow5-B"]
[Site "Moscow"]
[Date "1991.??.??"]
[Round "?"]
[White "Nikolenko, Oleg"]
[Black "Bojczuk, Zygmunt"]
[Result "1/2-1/2"]
[WhiteElo "2450"]
[BlackElo "2295"]
[PlyCount "59"]
[EventDate "1991.05.??"]
[EventType "tourn"]
[EventRounds "13"]
[EventCountry "URS"]
[EventCategory "5"]
[SourceTitle "CBM 024 Extra"]
[Source "ChessBase"]
[SourceDate "1991.11.01"]
[SourceVersion "1"]
[SourceVersionDate "1991.11.01"]
[SourceQuality "1"]

1. e4 c5 2. Nf3 Nc6 3. d4 cxd4 4. Nxd4 g6 5. c4 Bg7 6. Be3 Nf6 7. Nc3 0-0 8. Be2 d6 9. 0-0 Bd7 10. Nb3 a5 11. Nd2 Ne5 12. f3 Bc6 13. Rc1 Ned7 14. Nb3 a4 15. Nd4 Qa5 16. Qe1 Rfc8 17. Qf2 Nc5 18. Rc2 Nfd7 19. Rb1 Ne6 20. Nxe6 fxe6 21. Bf1 Rf8 22. Qh4 Rf7 23. Nb5 Rc8 24. Nd4 Nc5 25. Rcc1 Bd7 26. b4 axb3 27. axb3 Bf6 28. Qh6 Bg7 29. Qh4 Bf6 30. Qh6 1/2-1/2

[Event "Bielsko Biala op"]
[Site "Bielsko Biala"]
[Date "1990.??.??"]
[Round "6"]
[White "Bojczuk, Zygmunt"]
[Black "Czerwonski, Aleksander"]
[Result "0-1"]
[WhiteElo "2385"]
[BlackElo "2350"]
[PlyCount "80"]
[EventDate "1990.??.??"]
[EventType "swiss"]
[EventRounds "11"]
[EventCountry "POL"]
[SourceTitle "EXT 1997"]
[Source "ChessBase"]
[SourceDate "1996.11.15"]
[SourceVersion "1"]
[SourceVersionDate "1996.11.15"]
[SourceQuality "1"]

1. g3 g6 2. Bg2 Bg7 3. Nf3 Nf6 4. 0-0 0-0 5. d3 d5 6. Nbd2 c5 7. e4 Nc6 8. Re1 dxe4 9. dxe4 e5 10. c3 Be6 11. Qe2 h6 12. a4 Qc7 13. Nc4 Bxc4 14. Qxc4 Na5 15. Qe2 c4 16. Ra2 Rfd8 17. Nh4 Nd7 18. Be3 Nc5 19. f4 exf4 20. gxf4 Bf6 21. Qg4 Nd3 22. Rf1 Kh7 23. e5 Be7 24. f5 Nxe5 25. fxg6+ fxg6 26. Qg3 Bc5 27. b4 cxb3 28. Raf2 Bxe3 29. Qxe3 Nac4 30. Qg3 Rd7 31. Be4 Rg8 32. Kh1 Rgg7 33. Rf6 Nd2 34. Rxg6 Nxg6 35. Bxg6+ Kg8 36. Re1 Rde7 37. Rxe7 Qxe7 38. Qd3 Qe1+ 39. Kg2 Qe4+ 40. Kf2 Qxd3 0-1

[Event "Katowice op"]
[Site "Katowice"]
[Date "1990.??.??"]
[Round "6"]
[White "Bojczuk, Zygmunt"]
[Black "Kalinitschew, Sergey"]
[Result "1/2-1/2"]
[WhiteElo "2385"]
[BlackElo "2465"]
[PlyCount "49"]
[EventDate "1990.01.27"]
[EventType "swiss"]
[EventRounds "11"]
[EventCountry "POL"]
[SourceTitle "EXT 1997"]
[Source "ChessBase"]
[SourceDate "1996.11.15"]
[SourceVersion "1"]
[SourceVersionDate "1996.11.15"]
[SourceQuality "1"]

1. Nf3 Nf6 2. g3 d5 3. Bg2 c6 4. d3 Bg4 5. Nbd2 Nbd7 6. h3 Bh5 7. 0-0 e5 8. e4 Bd6 9. Qe1 0-0 10. Nh4 Re8 11. f4 exf4 12. gxf4 dxe4 13. dxe4 Be7 14. Nf5 Bc5+ 15. Kh1 Bg6 16. Ng3 Nxe4 17. Ndxe4 f5 18. Qc3 fxe4 19. f5 Bf7 20. Nxe4 Be7 21. Bf4 Bf6 22. Qg3 Bh4 23. Qc3 Bf6 24. Qg3 Bh4 25. Qc3 1/2-1/2

[Event "Bielsko Biala op"]
[Site "Bielsko Biala"]
[Date "1990.??.??"]
[Round "4"]
[White "Bojczuk, Zygmunt"]
[Black "Wielecki, Zygmunt"]
[Result "1-0"]
[WhiteElo "2385"]
[BlackElo "2305"]
[PlyCount "63"]
[EventDate "1990.??.??"]
[EventType "swiss"]
[EventRounds "11"]
[EventCountry "POL"]
[SourceTitle "EXT 1997"]
[Source "ChessBase"]
[SourceDate "1996.11.15"]
[SourceVersion "1"]
[SourceVersionDate "1996.11.15"]
[SourceQuality "1"]

1. g3 d5 2. Bg2 Nf6 3. Nf3 e6 4. 0-0 c5 5. d3 Nc6 6. Nbd2 Be7 7. e4 0-0 8. Re1 b5 9. e5 Nd7 10. Nf1 a5 11. h4 b4 12. Bf4 a4 13. a3 Ba6 14. N1h2 c4 15. d4 c3 16. bxc3 bxa3 17. Ng5 Rb8 18. Qh5 h6 19. Ng4 hxg5 20. hxg5 Re8 21. Bxd5 Ndxe5 22. Bxe5 Nxe5 23. Rxe5 g6 24. Qh4 Bxg5 25. Qxg5 Qxg5 26. Rxg5 exd5 27. Nf6+ Kg7 28. Nxe8+ Rxe8 29. Rxd5 Bb7 30. Re5 Rh8 31. d5 Kf6 32. f4 1-0

[Event "Bielsko Biala op"]
[Site "Bielsko Biala"]
[Date "1990.??.??"]
[Round "7"]
[White "Dyballa, Markus"]
[Black "Bojczuk, Zygmunt"]
[Result "1/2-1/2"]
[WhiteElo "2260"]
[BlackElo "2385"]
[PlyCount "110"]
[EventDate "1990.??.??"]
[EventType "swiss"]
[EventRounds "11"]
[EventCountry "POL"]
[SourceTitle "EXT 1997"]
[Source "ChessBase"]
[SourceDate "1996.11.15"]
[SourceVersion "1"]
[SourceVersionDate "1996.11.15"]
[SourceQuality "1"]

1. d4 Nf6 2. c4 d6 3. Nc3 Nbd7 4. Nf3 c6 5. Qc2 g6 6. e4 e5 7. d5 Bg7 8. Be2 0-0 9. 0-0 Qc7 10. Bd2 a5 11. Rfc1 Nc5 12. Ne1 Kh8 13. Rab1 cxd5 14. Nxd5 Nxd5 15. cxd5 f5 16. f3 Qd8 17. Nd3 fxe4 18. Nxc5 exf3 19. Bxf3 dxc5 20. Qxc5 Bf5 21. Ra1 e4 22. Be2 Bxb2 23. Bc3+ Bxc3 24. Qxc3+ Qf6 25. Qxf6+ Rxf6 26. g4 Bd7 27. Rc7 Rd6 28. Rxb7 Rxd5 29. Rc1 e3 30. Rcc7 Rd8 31. a4 h5 32. h3 Rd2 33. Bb5 e2 34. Bxe2 Rxe2 35. Rxd7 Rxd7 36. Rxd7 hxg4 37. hxg4 Re4 38. g5 Rxa4 39. Kh2 Ra3 40. Ra7 a4 41. Kg2 Kg8 42. Kh2 Ra1 43. Kg2 a3 44. Kh2 Kf8 45. Kg2 Ke8 46. Kh2 Kd8 47. Ra6 Ra2+ 48. Kg3 Ra1 49. Kh2 Kc7 50. Rxg6 Kb7 51. Rg7+ Kb6 52. Rg8 Ka7 53. Rg7+ Kb8 54. Rg8+ Kb7 55. Rg7+ Kb6 1/2-1/2

[Event "Katowice op"]
[Site "Katowice"]
[Date "1990.??.??"]
[Round "3"]
[White "Kaczorowski, Piotr"]
[Black "Bojczuk, Zygmunt"]
[Result "1/2-1/2"]
[WhiteElo "2205"]
[BlackElo "2385"]
[PlyCount "160"]
[EventDate "1990.01.27"]
[EventType "swiss"]
[EventRounds "11"]
[EventCountry "POL"]
[SourceTitle "EXT 1997"]
[Source "ChessBase"]
[SourceDate "1996.11.15"]
[SourceVersion "1"]
[SourceVersionDate "1996.11.15"]
[SourceQuality "1"]

1. d4 Nf6 2. c4 d6 3. Nf3 Nbd7 4. Nc3 c6 5. g3 e5 6. e4 Be7 7. Bg2 0-0 8. 0-0 a6 9. h3 b5 10. c5 Qc7 11. cxd6 Bxd6 12. dxe5 Nxe5 13. Nxe5 Bxe5 14. f4 Rd8 15. Qc2 Bd4+ 16. Kh2 Be6 17. Rd1 Bc4 18. b3 b4 19. Nd5 Rxd5 20. exd5 Bxa1 21. Qxc4 Rd8 22. Be3 Bc3 23. Qxc6 Qe7 24. Bb6 Qe2 25. Rf1 Re8 26. d6 Qd3 27. Rf3 Qd1 28. Re3 Rxe3 29. Bxe3 h5 30. Qxa6 h4 31. gxh4 g6 32. Qc8+ Kg7 33. Qc5 Qd3 34. Bf2 Qd2 35. f5 Nd7 36. Qe3 Be5+ 37. Kg1 Qxd6 38. fxg6 fxg6 39. Bf3 Nf6 40. h5 Bg3 41. hxg6 Bxf2+ 42. Qxf2 Kxg6 43. Kg2 Kf7 44. Qe3 Qa6 45. Qd2 Qb6 46. Qf4 Qa5 47. Kg3 Kg6 48. Qd2 Qe5+ 49. Kg2 Qc5 50. Kf1 Qf5 51. Kg2 Kf7 52. Kg1 Qc5+ 53. Qf2 Qc1+ 54. Qf1 Qe3+ 55. Kh1 Kf8 56. Be2 Ke7 57. Qf3 Qc1+ 58. Kg2 Qg5+ 59. Kf2 Nd5 60. Bc4 Qd2+ 61. Kg3 Qg5+ 62. Kh2 Qd2+ 63. Kg1 Qg5+ 64. Qg4 Qe3+ 65. Kf1 Qc1+ 66. Ke2 Qc2+ 67. Kf3 Qc3+ 68. Kf2 Qd2+ 69. Be2 Qe3+ 70. Ke1 Qc3+ 71. Kf2 Qc5+ 72. Kg3 Qg1+ 73. Kf3 Qe3+ 74. Kg2 Nf4+ 75. Kf1 Qxh3+ 76. Qxh3 Nxh3 77. Ke1 Kd6 78. Kd2 Kc5 79. Ke3 Ng5 80. Bg4 Nf7 1/2-1/2

[Event "Bielsko Biala op"]
[Site "Bielsko Biala"]
[Date "1990.??.??"]
[Round "5"]
[White "Seifert, Henryk"]
[Black "Bojczuk, Zygmunt"]
[Result "1/2-1/2"]
[WhiteElo "2320"]
[BlackElo "2385"]
[PlyCount "120"]
[EventDate "1990.??.??"]
[EventType "swiss"]
[EventRounds "11"]
[EventCountry "POL"]
[SourceTitle "EXT 1997"]
[Source "ChessBase"]
[SourceDate "1996.11.15"]
[SourceVersion "1"]
[SourceVersionDate "1996.11.15"]
[SourceQuality "1"]

1. e4 g6 2. d4 Bg7 3. Nf3 c5 4. dxc5 Na6 5. Bxa6 bxa6 6. 0-0 Qc7 7. Nbd2 Qxc5 8. Nb3 Qc7 9. Re1 Bb7 10. c3 Nf6 11. Qd3 0-0 12. Bg5 d5 13. e5 Ne4 14. Bh4 Rab8 15. Qd4 Ba8 16. Rab1 Rfc8 17. Qd3 a5 18. Qa6 Nc5 19. Nxc5 Qxc5 20. e6 f5 21. Bg3 Rb5 22. Nd4 Bxd4 23. cxd4 Rc6 24. Qxa5 Rxa5 25. dxc5 Raxc5 26. b4 Rc4 27. b5 Rb6 28. f3 d4 29. Bf2 Bd5 30. Red1 Rxe6 31. Rxd4 Rxd4 32. Bxd4 Bxa2 33. Rb2 Bc4 34. Bxa7 Re2 35. Rb4 Re1+ 36. Kf2 Re2+ 37. Kg3 Bd5 38. b6 Bb7 39. Rd4 Rb2 40. Rd7 Bc6 41. Rxe7 g5 42. h4 h6 43. hxg5 hxg5 44. Rc7 Bd5 45. Rc5 Be6 46. Kh2 Kf8 47. Rc7 Bd5 48. Rc5 Be6 49. Rc6 Ke7 50. Rc7+ Kd8 51. Rg7 Bd5 52. Kg3 f4+ 53. Kh3 Be6+ 54. Kh2 g4 55. fxg4 Bd5 56. Kh3 Bxg2+ 57. Kh4 Bd5 58. Rg6 Ke7 59. g5 Be6 60. Rxe6+ Kxe6 1/2-1/2

[Event "Prague Vysehrad"]
[Site "Prague"]
[Date "1989.??.??"]
[Round "8"]
[White "Bojczuk, Zygmunt"]
[Black "Hausner, Ivan"]
[Result "1-0"]
[WhiteElo "2345"]
[BlackElo "2445"]
[PlyCount "75"]
[EventDate "1989.??.??"]
[EventType "tourn"]
[EventRounds "11"]
[EventCountry "CZE"]
[EventCategory "4"]
[SourceTitle "EXT 1997"]
[Source "ChessBase"]
[SourceDate "1996.11.15"]
[SourceVersion "1"]
[SourceVersionDate "1996.11.15"]
[SourceQuality "1"]

1. Nf3 d6 2. g3 e5 3. d3 g6 4. Bg2 Bg7 5. c4 Ne7 6. Nc3 0-0 7. Rb1 a5 8. a3 f5 9. Bg5 h6 10. Bxe7 Qxe7 11. Nd5 Qd8 12. 0-0 c6 13. Nc3 Nd7 14. Qc2 Nf6 15. b4 axb4 16. axb4 g5 17. b5 c5 18. Nd2 g4 19. Ra1 Rxa1 20. Rxa1 f4 21. Ra8 Qe7 22. Nd5 Nxd5 23. Bxd5+ Kh8 24. Ne4 Bf5 25. Qa2 Bxe4 26. Bxe4 b6 27. Qa7 Qxa7 28. Rxa7 Rb8 29. Rd7 Kg8 30. Bd5+ Kh7 31. Rxd6 Bf8 32. Re6 Bg7 33. Kg2 h5 34. f3 gxf3+ 35. exf3 h4 36. g4 Bh6 37. Rxe5 Kg6 38. Re6+ 1-0

[Event "Warsaw op"]
[Site "Warsaw"]
[Date "1989.??.??"]
[Round "?"]
[White "Bojczuk, Zygmunt"]
[Black "Petkevich, Jusefs"]
[Result "0-1"]
[WhiteElo "2345"]
[BlackElo "2440"]
[PlyCount "54"]
[EventDate "1989.04.??"]
[EventType "swiss"]
[EventRounds "9"]
[EventCountry "POL"]
[SourceTitle "EXT 1997"]
[Source "ChessBase"]
[SourceDate "1996.11.15"]
[SourceVersion "1"]
[SourceVersionDate "1996.11.15"]
[SourceQuality "1"]

1. c4 g6 2. g3 Bg7 3. Bg2 c5 4. Nf3 Nc6 5. 0-0 e6 6. Na3 Nge7 7. Rb1 0-0 8. Nc2 d5 9. b3 e5 10. d3 h6 11. Ba3 b6 12. b4 dxc4 13. bxc5 cxd3 14. exd3 Be6 15. Re1 Bxa2 16. Rb2 Bd5 17. cxb6 axb6 18. Bxe7 Qxe7 19. d4 Rad8 20. Rxb6 Qc7 21. Rb5 exd4 22. Qd2 Bxf3 23. Bxf3 Ne5 24. Be4 d3 25. Ne3 Nc4 26. Nxc4 Qxc4 27. Rb4 Qc3 0-1

[Event "Prague Vysehrad"]
[Site "Prague"]
[Date "1989.??.??"]
[Round "11"]
[White "Luce, Sebastien"]
[Black "Bojczuk, Zygmunt"]
[Result "0-1"]
[WhiteElo "2340"]
[BlackElo "2345"]
[PlyCount "86"]
[EventDate "1989.??.??"]
[EventType "tourn"]
[EventRounds "11"]
[EventCountry "CZE"]
[EventCategory "4"]
[SourceTitle "EXT 1997"]
[Source "ChessBase"]
[SourceDate "1996.11.15"]
[SourceVersion "1"]
[SourceVersionDate "1996.11.15"]
[SourceQuality "1"]

1. c4 g6 2. Nc3 Bg7 3. d4 d6 4. e4 Nd7 5. Nf3 e5 6. Be2 Nh6 7. 0-0 0-0 8. h3 f6 9. Be3 Nf7 10. Ne1 c6 11. Nc2 Qe7 12. Qd2 f5 13. exf5 gxf5 14. f4 e4 15. b4 Qh4 16. Rad1 Nf6 17. d5 Kh8 18. Bf2 Qh6 19. Nd4 Nd8 20. Nb3 Nf7 21. Na5 cxd5 22. Nxd5 Nxd5 23. cxd5 Rg8 24. Bd4 Qg6 25. Bxg7+ Rxg7 26. Bb5 Qg3 27. Kh1 b6 28. Nc6 a6 29. Bc4 b5 30. Bb3 Bd7 31. Qf2 Qg6 32. Rd2 Nh6 33. Qh4 Ng8 34. Re1 Nf6 35. Re3 Rag8 36. g3 Qf7 37. Nd4 Rg6 38. Kh2 Qg7 39. Ne6 Bxe6 40. dxe6 Rh6 41. Qg5 Ng4+ 42. Kg1 Nxe3 43. e7 Nc4 0-1

[Event "Prague Vysehrad"]
[Site "Prague"]
[Date "1989.??.??"]
[Round "9"]
[White "Mossong, Hubert"]
[Black "Bojczuk, Zygmunt"]
[Result "1-0"]
[WhiteElo "2330"]
[BlackElo "2345"]
[PlyCount "79"]
[EventDate "1989.??.??"]
[EventType "tourn"]
[EventRounds "11"]
[EventCountry "CZE"]
[EventCategory "4"]
[SourceTitle "EXT 1997"]
[Source "ChessBase"]
[SourceDate "1996.11.15"]
[SourceVersion "1"]
[SourceVersionDate "1996.11.15"]
[SourceQuality "1"]

1. e4 c5 2. Nc3 Nc6 3. f4 g6 4. Nf3 Bg7 5. Bb5 e6 6. Bxc6 dxc6 7. d3 Ne7 8. 0-0 a5 9. Qe1 a4 10. Kh1 h5 11. Be3 b6 12. a3 Qc7 13. Qh4 c4 14. dxc4 Ba6 15. Nxa4 c5 16. Nc3 Bxc4 17. Rfe1 Ba6 18. Rad1 0-0 19. Bc1 Rfd8 20. Qf2 Bb7 21. Rxd8+ Rxd8 22. Nb5 Qd7 23. a4 Ba6 24. Qf1 Nc6 25. c3 Na7 26. Ne5 Qb7 27. h3 Nc6 28. Nf3 Na5 29. Rd1 Qe7 30. e5 Bf8 31. Ng5 Bb7 32. Nd6 Qc7 33. Ngxf7 Rd7 34. Nxb7 Qxb7 35. Ng5 Re7 36. Qf3 Qc7 37. Qg3 Kg7 38. Ne4 Nb3 39. Be3 Qc6 40. Nf6 1-0

[Event "Prague Vysehrad"]
[Site "Prague"]
[Date "1989.??.??"]
[Round "7"]
[White "Vrbata, Zbynek"]
[Black "Bojczuk, Zygmunt"]
[Result "1-0"]
[WhiteElo "2335"]
[BlackElo "2345"]
[PlyCount "65"]
[EventDate "1989.??.??"]
[EventType "tourn"]
[EventRounds "11"]
[EventCountry "CZE"]
[EventCategory "4"]
[SourceTitle "EXT 1997"]
[Source "ChessBase"]
[SourceDate "1996.11.15"]
[SourceVersion "1"]
[SourceVersionDate "1996.11.15"]
[SourceQuality "1"]

1. d4 Nf6 2. c4 d6 3. Nc3 Nbd7 4. g3 e5 5. Bg2 Be7 6. Nf3 0-0 7. 0-0 c6 8. e4 a6 9. Re1 b5 10. cxb5 axb5 11. d5 cxd5 12. Nxd5 Nxd5 13. Qxd5 Rb8 14. Nd2 Nc5 15. Nf1 Qa5 16. Qd1 Be6 17. Bd2 Qa6 18. Bb4 Qa4 19. Qd2 Rfd8 20. b3 Qa6 21. Ne3 Bg5 22. Red1 Qb7 23. h4 Bh6 24. Bxc5 b4 25. Bxd6 g6 26. Qb2 Ra8 27. Bxe5 Qb6 28. Nd5 Bxd5 29. Rxd5 Re8 30. Rad1 Qa6 31. Bf1 Qxa2 32. Qxa2 Rxa2 33. Bc4 1-0